[Event "Olympiad Women-39"]
[Site "Khanty-Mansiysk"]
[Date "2010.10.01"]
[Round "10.26"]
[White "Lestari, Baiq Vina"]
[Black "Secopito, Catherine"]
[Result "1-0"]
[WhiteElo "2177"]
[BlackElo "2103"]
[PlyCount "85"]
[EventDate "2010.09.21"]
[EventType "team-swiss"]
[EventRounds "11"]
[EventCountry "RUS"]
[SourceTitle "CBM 139"]
[Source "ChessBase"]
[SourceDate "2010.11.18"]
[SourceVersion "1"]
[SourceVersionDate "2010.11.18"]
[SourceQuality "1"]
[WhiteTeam "Indonesia (W)"]
[BlackTeam "Philippines (W)"]
[WhiteTeamCountry "INA"]
[BlackTeamCountry "PHI"]

1. e4 e5 2. Nf3 Nf6 3. d4 Nxe4 4. dxe5 d5 5. Nbd2 Nc5 6. Nb3 h6 7. Nxc5 Bxc5 8. Bd3 0-0 9. Bf4 Nc6 10. c3 Re8 11. 0-0 Bg4 12. Re1 Qd7 13. Bc2 Rad8 14. Qd3 g6 15. Bxh6 d4 16. Rad1 Bf5 17. Qd2 Bxc2 18. Qxc2 d3 19. Qd2 Qd5 20. Qg5 Re6 21. Qh4 Ne7 22. Bg5 Nf5 23. Qh3 Kg7 24. Bxd8 Qxd8 25. Qg4 Rb6 26. b4 Be7 27. Qc4 c5 28. Rxd3 Qc8 29. Red1 a6 30. Rd7 Re6 31. Ng5 Rxe5 32. Qxf7+ Kh6 33. f4 Qh8 34. fxe5 Qxe5 35. Rxe7 Nxe7 36. Nf3 Qe3+ 37. Kh1 Nf5 38. Qf8+ Kh5 39. Qxc5 Qe2 40. Re1 Qxa2 41. Nd4 Qf2 42. Rg1 b6 43. Qe5 1-0

[Event "Olympiad Women-39"]
[Site "Khanty-Mansiysk"]
[Date "2010.09.30"]
[Round "9.19"]
[White "Nemcova, Katerina"]
[Black "Lestari, Baiq Vina"]
[Result "1-0"]
[WhiteElo "2283"]
[BlackElo "2177"]
[PlyCount "59"]
[EventDate "2010.09.21"]
[EventType "team-swiss"]
[EventRounds "11"]
[EventCountry "RUS"]
[SourceTitle "CBM 139"]
[Source "ChessBase"]
[SourceDate "2010.11.18"]
[SourceVersion "1"]
[SourceVersionDate "2010.11.18"]
[SourceQuality "1"]
[WhiteTeam "Czech Republic (W)"]
[BlackTeam "Indonesia (W)"]
[WhiteTeamCountry "CZE"]
[BlackTeamCountry "INA"]

1. e4 c5 2. Nf3 d6 3. d4 cxd4 4. Nxd4 Nf6 5. Nc3 a6 6. Be3 e5 7. Nb3 Be6 8. f4 exf4 9. Bxf4 Nc6 10. Qe2 Ne5 11. h3 Be7 12. 0-0-0 Qc7 13. g4 Rc8 14. Kb1 0-0 15. Nd5 Bxd5 16. exd5 g6 17. Qg2 b5 18. Bd3 Qb7 19. Be2 Nc4 20. h4 Nd7 21. g5 f6 22. Bxc4 bxc4 23. Na5 Qc7 24. Nc6 Ne5 25. Bxe5 fxe5 26. h5 Rf5 27. hxg6 Bxg5 28. Rxh7 Qb6 29. Qh3 Rcf8 30. Rh8+ 1-0

[Event "WUCC op (Women) 11th"]
[Site "Zuerich"]
[Date "2010.09.08"]
[Round "5"]
[White "Lestari, Baiq Vina"]
[Black "Alavi Hour, Homa"]
[Result "1/2-1/2"]
[WhiteElo "2177"]
[BlackElo "1953"]
[PlyCount "116"]
[EventDate "2010.09.05"]
[EventType "swiss"]
[EventRounds "9"]
[EventCountry "SUI"]
[SourceTitle "CBM 138 Extra"]
[Source "ChessBase"]
[SourceDate "2010.10.29"]
[SourceVersion "1"]
[SourceVersionDate "2010.10.29"]
[SourceQuality "1"]

1. e4 c6 2. d4 d5 3. Nc3 dxe4 4. Nxe4 Nd7 5. Ng5 Ngf6 6. N1f3 e6 7. Bd3 Bd6 8. Qe2 h6 9. Ne4 Nxe4 10. Qxe4 c5 11. Qg4 Qf6 12. Be3 b6 13. dxc5 bxc5 14. 0-0-0 Rb8 15. c3 Rb6 16. Qh3 Bb7 17. Nd2 Be5 18. Kc2 Bd5 19. f4 Bc7 20. b3 Ke7 21. Rhe1 Rhb8 22. Be4 Bc6 23. Qf3 Bb5 24. c4 Ba6 25. Bc6 Qf5+ 26. Be4 Qf6 27. g4 Kf8 28. Rh1 Qe7 29. Qf2 Bd6 30. h4 Nf6 31. Bf3 Bb7 32. g5 Ng8 33. Ne4 Bxe4+ 34. Bxe4 a5 35. Rxd6 Rxd6 36. Bxc5 Rbd8 37. Rd1 Rxd1 38. Bxe7+ Nxe7 39. Qe2 Ra1 40. Kb2 Rad1 41. Bc2 R1d2 42. Qh5 Nf5 43. gxh6 gxh6 44. Kb1 Rh2 45. Bxf5 exf5 46. Qxh6+ Ke8 47. Qh8+ Ke7 48. Qe5+ Kf8 49. Qh8+ Ke7 50. Qe5+ Kf8 51. Qe1 Rdd2 52. Qc1 Ke7 53. a3 Rd3 54. Qe1+ Kd7 55. b4 Rhd2 56. Qe5 Rd1+ 57. Kb2 R1d2+ 58. Kb1 Rd1+ 1/2-1/2

[Event "WUCC op (Women) 11th"]
[Site "Zuerich"]
[Date "2010.09.07"]
[Round "4"]
[White "Nakhbayeva, Guliskhan"]
[Black "Lestari, Baiq Vina"]
[Result "1-0"]
[WhiteElo "2216"]
[BlackElo "2177"]
[PlyCount "181"]
[EventDate "2010.09.05"]
[EventType "swiss"]
[EventRounds "9"]
[EventCountry "SUI"]
[SourceTitle "CBM 138 Extra"]
[Source "ChessBase"]
[SourceDate "2010.10.29"]
[SourceVersion "1"]
[SourceVersionDate "2010.10.29"]
[SourceQuality "1"]

1. d4 d5 2. c4 c6 3. Nf3 Nf6 4. e3 e6 5. Bd3 Nbd7 6. 0-0 dxc4 7. Bxc4 b5 8. Bd3 a6 9. e4 Bb7 10. a4 Be7 11. Nbd2 e5 12. Qc2 Bd6 13. dxe5 Bxe5 14. Nxe5 Nxe5 15. Be2 0-0 16. b4 Qd6 17. Nb3 Ned7 18. Rd1 Qe6 19. Bf4 c5 20. f3 cxb4 21. Rd6 Rfc8 22. Qb2 Qe7 23. Nd4 g6 24. h3 Ne5 25. Qxb4 a5 26. Qxb5 Qxd6 27. Bxe5 Qe7 28. Bg3 Nxe4 29. fxe4 Qxe4 30. Nf3 Ba6 31. Qxa6 Rxa6 32. Bxa6 Rc3 33. Bf2 Qc6 34. Bb5 Rc1+ 35. Kh2 Qd6+ 36. Bg3 Qd1 37. Rxc1 Qxc1 38. Ne5 f5 39. Nd3 Qe3 40. Bc7 Qd2 41. Bc4+ Kf8 42. Bd6+ Ke8 43. Bb5+ Kd8 44. Bf4 Qc2 45. Ne5 Ke7 46. Nc6+ Kf6 47. Bc7 g5 48. Bd8+ Kg6 49. Ne5+ Kh6 50. Be7 g4 51. hxg4 Qe4 52. g5+ Kg7 53. Bf6+ Kf8 54. Nd3 Qh4+ 55. Kg1 Qg3 56. Bc3 f4 57. Be5 Qe3+ 58. Kh2 Qg3+ 59. Kh1 Qxg5 60. Bxf4 Qh5+ 61. Kg1 Qd1+ 62. Kf2 Qc2+ 63. Kf3 Qd1+ 64. Kg3 Qb3 65. Bc7 Qc3 66. Bd6+ Kg8 67. Be5 Qb3 68. Kf4 Qf7+ 69. Ke3 Qa7+ 70. Kd2 Qg1 71. g3 Qb6 72. Kc3 h6 73. Kc4 Kh7 74. Nf4 Qe3 75. Nd3 Qe4+ 76. Kc5 Qb7 77. Bf4 h5 78. Ne5 Qc8+ 79. Nc6 Qf5+ 80. Be5 Qf2+ 81. Kd6 Qd2+ 82. Kc7 Kg6 83. Kb6 Qe1 84. Bc7 Kg5 85. Nxa5 Qe3+ 86. Kb7 Qc5 87. Nc6 Kg4 88. Be2+ Kg5 89. a5 Qc2 90. Bf4+ Kg6 91. Bd3+ 1-0

[Event "Asia-chT (Women) 6th Tata Steel"]
[Site "Kolkata"]
[Date "2009.12.26"]
[Round "5"]
[White "Mohota, Nisha"]
[Black "Lestari, Baiq Vina"]
[Result "1-0"]
[WhiteElo "2351"]
[BlackElo "2170"]
[PlyCount "81"]
[EventDate "2009.12.22"]
[EventType "team-swiss"]
[EventRounds "7"]
[EventCountry "IND"]
[SourceTitle "EXT 2020"]
[Source "ChessBase"]
[SourceDate "2019.10.17"]
[SourceVersion "1"]
[SourceVersionDate "2019.10.17"]
[SourceQuality "1"]
[WhiteTeam "India (W) II"]
[BlackTeam "Indonesia (W)"]
[WhiteTeamCountry "IND"]
[BlackTeamCountry "INA"]

1. d4 d5 2. c4 c6 3. Nf3 Nf6 4. Qc2 e6 5. Bg5 Nbd7 6. e3 h6 7. Bh4 Bd6 8. Nbd2 0-0 9. Bd3 Be7 10. 0-0 Nh5 11. Bxe7 Qxe7 12. Ne5 Nhf6 13. f4 c5 14. Rae1 b6 15. e4 dxc4 16. Qxc4 cxd4 17. Nc6 Qc5 18. b4 Qxc4 19. Nxc4 Nb8 20. Ne7+ Kh8 21. Nd6 Bd7 22. e5 Nd5 23. Be4 Bc6 24. Bxd5 Bxd5 25. Nxd5 exd5 26. Rc1 Kg8 27. Rfd1 a5 28. b5 Nd7 29. Rxd4 Nc5 30. Rxd5 f6 31. Rdxc5 bxc5 32. b6 fxe5 33. fxe5 Rab8 34. b7 Rfd8 35. Rxc5 Kf8 36. Rc7 Kg8 37. Kf2 Kh7 38. Ke3 Kg6 39. Ke4 a4 40. Kd5 Rf8 41. Rc8 1-0

[Event "Asia-chT (Women) 6th Tata Steel"]
[Site "Kolkata"]
[Date "2009.12.22"]
[Round "1"]
[White "Lestari, Baiq Vina"]
[Black "Karavade, Eesha"]
[Result "1-0"]
[WhiteElo "2170"]
[BlackElo "2413"]
[PlyCount "46"]
[EventDate "2009.12.22"]
[EventType "team-swiss"]
[EventRounds "7"]
[EventCountry "IND"]
[SourceTitle "EXT 2020"]
[Source "ChessBase"]
[SourceDate "2019.10.17"]
[SourceVersion "1"]
[SourceVersionDate "2019.10.17"]
[SourceQuality "1"]
[WhiteTeam "Indonesia (W)"]
[BlackTeam "India (W)"]
[WhiteTeamCountry "INA"]
[BlackTeamCountry "IND"]

1. e4 c5 2. Nf3 d6 3. d4 cxd4 4. Nxd4 Nf6 5. Nc3 a6 6. Be2 e6 7. 0-0 Be7 8. f4 Nc6 9. Kh1 Bd7 10. Be3 0-0 11. Qe1 b5 12. a3 Qb8 13. Bf3 Nxd4 14. Bxd4 e5 15. Be3 Bc6 16. Qg3 Re8 17. fxe5 dxe5 18. Bh6 Bf8 19. Bg5 Nd7 20. Bh5 g6 21. Rf2 Qb7 22. Bg4 Nc5 23. Raf1 h6 1-0